[Event "Silver Lake Open-A 2018"]
[Site "Veliko Gradiste"]
[Date "2018.06.24"]
[Round "9"]
[White "Filev, Georgi"]
[Black "Baum, Jonasz"]
[Result "1/2-1/2"]
[WhiteElo "2390"]
[BlackElo "2230"]
[Annotator "NA"]
[PlyCount "40"]
[EventDate "2018.06.17"]
[EventType "swiss"]
[EventCountry "SRB"]
[SourceTitle "playchess.com"]
[Source "ChessBase"]
[SourceQuality "1"]
[TimeControl "40/5400+30:900+30"]

1. e4 {[%emt 0:00:00]} c5 {[%emt 0:00:04]} 2. Nf3 {[%emt 0:00:00]} Nc6 {[%emt 0:00:06]} 3. d4 {[%emt 0:00:00]} cxd4 {[%emt 0:00:05]} 4. Nxd4 {[%emt 0:00:01]} g6 {[%emt 0:00:04]} 5. Nc3 {[%emt 0:00:16]} Bg7 {[%emt 0:00:07]} 6. Be3 {[%emt 0:00:12]} Nf6 {[%emt 0:00:07]} 7. Bc4 {[%emt 0:00:20]} O-O {[%emt 0:00:09]} 8. Bb3 {[%emt 0:00:25]} Re8 {[%emt 0:00:06] B35: Sicilian: Accelerated Dragon with 5 Nc3: main line} 9. O-O {[%emt 0:04:05]} (9. f3 d5 10. exd5 Nb4 11. Nde2 e6 12. Bd4 exd5 13. O-O Be6 14. Bf2 d4 15. Nxd4 Bxb3 16. Nxb3 {½-½ (16) Jakovenko,D (2735)-Gelfand,B (2695) Poikovsky 2018}) 9... d6 {[%emt 0:00:23]} 10. h3 {[%emt 0:01:49]} Na5 {[%emt 0:00:09]} 11. Re1 {[%emt 0:04:08]} b6 {[%emt 0:01:14] LiveBook: 3 Games} 12. Qd3 {[%emt 0:04:49]} Nxb3 {[%emt 0:01:54]} 13. axb3 {[%emt 0:06:08]} Bb7 {[%emt 0:00:10]} 14. Bg5 {[%emt 0:02:01]} Qc7 $146 {[%emt 0:24:00]} ({Predecessor:} 14... a6 15. Nd5 e6 16. Nxf6+ Bxf6 17. Bxf6 Qxf6 {½-½ (51) Sebastian,D (2454)-Hausrath,D (2481) Germany 2016}) 15. b4 {[%emt 0:14:16]} Nd7 {[%emt 0:02:25]} 16. Nd5 {[%emt 0:04:12]} Bxd5 {[%emt 0:03:04]} 17. exd5 {[%emt 0:00:09]} Ne5 {[%emt 0:00:44]} 18. Qe2 {[%emt 0:04:12]} Qc4 {[%emt 0:08:26]} 19. Qxc4 {[%emt 0:12:16]} Nxc4 {[%emt 0:00:05]} 20. Nc6 $11 {[%emt 0:00:14]} Bxb2 {[%emt 0:00:58]} 1/2-1/2

[Event "Silver Lake Open-A 2018"]
[Site "Veliko Gradiste"]
[Date "2018.06.24"]
[Round "9"]
[White "Dudukovic, Nikola"]
[Black "Kadric, Denis"]
[Result "1/2-1/2"]
[WhiteElo "2385"]
[BlackElo "2509"]
[Annotator "TA"]
[PlyCount "60"]
[EventDate "2018.06.17"]
[EventType "swiss"]
[EventCountry "SRB"]
[SourceTitle "playchess.com"]
[Source "ChessBase"]
[SourceQuality "1"]

{[%evp 18,60,64,63,73,52,72,66,75,58,54,56,100,81,63,-13,0,-9,-12,-18,-20,0,0,0,0,0,13,-20,-16,-16,-19,-16,0,0,0,-47,48,60,56,47,39,47,46,37,25]} 1. d4 g6 2. e4 Bg7 3. Nc3 a6 4. a4 d6 5. Be3 e6 (5... Nf6 6. Nf3 O-O 7. h3 b6 8. Bd3 Bb7 9. O-O Nc6 10. Qd2 Nb4 11. Bh6 c5 12. d5 Rc8 13. Bxg7 Kxg7 14. Bc4 Rb8 15. Rfe1 Nd7 16. Ne2 a5 17. c3 Na6 {0-1 (41) Ni,H (2671)-Malakhov,V (2686) Riadh 2017}) 6. Qd2 {B06: Modern Defence} Nd7 7. Nf3 b6 8. Bd3 h6 9. O-O Bb7 10. h3 {LiveBook: 12 Games} Ne7 11. Ne2 c5 12. c3 Qc7 13. Ng3 $146 ({Predecessor:} 13. Nh2 Nf6 14. Ng3 {0-1 (58) Sabia,C (2173)-Cacco,C (2282) Montecatini Terme 2005}) 13... c4 14. Bc2 f5 15. Rab1 Nf6 {[%cal Rf6e4]} 16. e5 (16. exf5 $1 $14 Nxf5 17. Nxf5 gxf5 18. Qe2) 16... Nfd5 {[%cal Rd6e5]} 17. Rfe1 dxe5 18. dxe5 Nxe3 19. Qxe3 O-O {[#] aiming for ...f4.} 20. Ne2 $1 Nd5 21. Qd2 g5 22. Ned4 Nf4 23. b3 Rad8 24. Qe3 Rxd4 25. cxd4 {Black must now prevent bxc4.} c3 26. Rbc1 Bd5 (26... b5 $15) 27. Bd3 $14 {White is slightly better.} Bxb3 28. Bxa6 Nd5 29. Qd3 Ra8 30. Qb5 Bf8 $1 {Precision: White = 58%, Black = 57%.} 1/2-1/2

[Event "Silver Lake Open-A 2018"]
[Site "Veliko Gradiste"]
[Date "2018.06.24"]
[Round "9"]
[White "Govedarica, Radovan"]
[Black "Vafiadis, Kleanthis"]
[Result "0-1"]
[WhiteElo "2355"]
[BlackElo "2247"]
[Annotator "NA"]
[PlyCount "56"]
[EventDate "2018.06.17"]
[EventType "swiss"]
[EventCountry "SRB"]
[SourceTitle "playchess.com"]
[Source "ChessBase"]
[SourceQuality "1"]
[TimeControl "40/5400+30:900+30"]

1. e4 {[%emt 0:00:00]} c5 {[%emt 0:00:09]} 2. Nf3 {[%emt 0:00:00]} d6 {[%emt 0:00:10]} 3. d4 {[%emt 0:00:00]} cxd4 {[%emt 0:00:13]} 4. Nxd4 {[%emt 0:00:00]} Nf6 {[%emt 0:00:12]} 5. Nc3 {[%emt 0:00:00]} a6 {[%emt 0:00:10]} 6. Bg5 {[%emt 0:00:34]} Nbd7 {[%emt 0:00:06]} 7. f4 {[%emt 0:00:18]} Qc7 {[%emt 0:00:15]} 8. Qf3 {[%emt 0:00:54] B94: Sizilianisch (Najdorf-Variante mit 6.Lg5)} (8. g3 e6 9. Bg2 b5 10. e5 Bb7 11. exf6 gxf6 12. Nd5 Bxd5 13. Bxd5 exd5 14. Qe2+ Kd8 15. Bh4 Qc4 {1-0 (23) Zeng,C (2532)-Zhou,J (2615) Tianjin 2018}) 8... b5 {[%emt 0:00:23]} 9. O-O-O {[%emt 0:00:54]} Bb7 {[%emt 0:00:07]} 10. Bxf6 {[%emt 0:01:24]} Nxf6 {[%emt 0:01:00]} 11. Nd5 {[%emt 0:00:02]} Nxd5 {[%emt 0:05:52]} 12. exd5 {[%emt 0:00:01]} g6 {[%emt 0:02:59]} 13. Nb3 $146 {[%emt 0:07:15]} ({Vorgänger:} 13. Qb3 Qc5 14. Nf3 Bg7 15. h4 Bc8 {½-½ (34) Ogleznev,A (2278)-Bulmaga,I (2364) Kishinev 2012}) 13... Bg7 {[%emt 0:00:57]} 14. Qd3 {[%emt 0:02:59]} O-O {[%emt 0:00:53]} 15. Be2 {[%emt 0:00:04]} a5 {[%emt 0:06:07]} 16. Nd4 {[%emt 0:03:06]} b4 {[%emt 0:00:42]} 17. Kb1 {[%emt 0:02:52]} a4 {[%emt 0:07:09]} ({Worse is} 17... Bxd5 18. Nb5 $16) 18. Bf3 {[%emt 0:04:09]} Ra5 {[%emt 0:17:15]} 19. Nc6 {[%emt 0:06:38]} Bxc6 {[%emt 0:01:49]} 20. dxc6 {[%emt 0:00:01]} Rd8 {[%emt 0:00:11]} 21. h4 {[%emt 0:00:27]} d5 {[%emt 0:01:23]} 22. h5 {[%emt 0:00:19]} Qxc6 {[%emt 0:00:59]} 23. hxg6 {[%emt 0:00:03]} hxg6 {[%emt 0:01:26]} 24. Qe3 {[%emt 0:12:04]} b3 {[%emt 0:07:33]} 25. Rd2 {[%emt 0:03:42]} bxa2+ {[%emt 0:02:50]} 26. Kxa2 {[%emt 0:00:02]} Rb8 {[%emt 0:01:09]} 27. c3 $19 {[%emt 0:01:42]} Qc4+ {[%emt 0:02:55]} 28. Kb1 {[%emt 0:00:01]} a3 {[%emt 0:00:35]} 0-1

[Event "Silver Lake Open-A 2018"]
[Site "Veliko Gradiste"]
[Date "2018.06.24"]
[Round "9"]
[White "Konaplev, Anton"]
[Black "Cvetkovic, Srdjan"]
[Result "0-1"]
[WhiteElo "2353"]
[BlackElo "2250"]
[Annotator "ChessBase"]
[PlyCount "112"]
[EventDate "2018.06.17"]
[EventType "swiss"]
[EventCountry "SRB"]
[SourceTitle "playchess.com"]
[Source "ChessBase"]
[SourceQuality "1"]
[TimeControl "40/5400+30:900+30"]

1. d4 {[%emt 0:00:00]} d5 {[%emt 0:00:32]} 2. c4 {[%emt 0:00:00]} e6 {[%emt 0:00:16]} 3. Nc3 {[%emt 0:00:00]} Nf6 {[%emt 0:00:11]} 4. cxd5 {[%emt 0:00:23]} exd5 {[%emt 0:00:08]} 5. Bg5 {[%emt 0:00:07]} Be7 {[%emt 0:01:42]} 6. e3 {[%emt 0:00:16]} c6 {[%emt 0:01:33]} 7. Bd3 {[%emt 0:00:08]} Nbd7 {[%emt 0:00:25]} 8. h3 {[%emt 0:00:27]} Nf8 {[%emt 0:05:02]} 9. Qc2 {[%emt 0:00:36]} Ne6 {[%emt 0:17:35]} 10. Bh4 {[%emt 0:00:12]} Nh5 {[%emt 0:04:18]} 11. Bxe7 {[%emt 0:01:28]} Qxe7 {[%emt 0:00:07]} 12. O-O-O {[%emt 0:00:55]} Nf6 {[%emt 0:05:58]} 13. Nf3 {[%emt 0:02:29]} Bd7 {[%emt 0:04:39]} 14. g4 {[%emt 0:00:34]} h6 {[%emt 0:01:51]} 15. Ne5 {[%emt 0:02:58]} O-O-O {[%emt 0:03:23]} 16. f4 {[%emt 0:03:00]} Kb8 {[%emt 0:01:00]} 17. Kb1 {[%emt 0:06:18]} Rc8 {[%emt 0:03:02]} 18. h4 {[%emt 0:05:28]} h5 {[%emt 0:03:11]} 19. f5 {[%emt 0:09:13]} Nc7 {[%emt 0:02:34]} 20. g5 {[%emt 0:00:49]} Ng4 {[%emt 0:02:09]} 21. Nxg4 {[%emt 0:01:19]} hxg4 {[%emt 0:00:06]} 22. Qf2 {[%emt 0:04:30]} Rce8 {[%emt 0:03:08]} 23. Rde1 {[%emt 0:00:43]} Qd6 {[%emt 0:03:33]} 24. Rhg1 {[%emt 0:07:27]} g3 {[%emt 0:01:07]} 25. Rxg3 {[%emt 0:10:14]} Rxh4 {[%emt 0:00:08]} 26. Rg2 {[%emt 0:09:55]} Reh8 {[%emt 0:05:14]} 27. a3 {[%emt 0:03:04]} Ne8 {[%emt 0:07:00]} 28. Bc2 {[%emt 0:03:00]} Qc7 {[%emt 0:01:26]} 29. Bd3 {[%emt 0:06:51]} Rh2 {[%emt 0:03:35]} 30. e4 {[%emt 0:08:53]} dxe4 {[%emt 0:07:49]} 31. Bxe4 {[%emt 0:00:01]} Rxg2 {[%emt 0:01:29]} 32. Qxg2 {[%emt 0:05:50]} Nd6 {[%emt 0:00:43]} 33. Rf1 {[%emt 0:02:02]} Re8 {[%emt 0:04:23]} 34. Bd3 {[%emt 0:00:54]} a6 {[%emt 0:00:59]} 35. Ka1 {[%emt 0:01:33]} Nb5 {[%emt 0:01:00]} 36. Bxb5 {[%emt 0:00:59]} axb5 {[%emt 0:00:05]} 37. Ne4 {[%emt 0:00:51]} b4 {[%emt 0:03:21]} 38. axb4 {[%emt 0:01:15]} b6 {[%emt 0:01:45]} 39. Qf3 {[%emt 0:01:00]} Kb7 {[%emt 0:00:54]} 40. Rc1 {[%emt 0:00:00]} g6 {[%emt 0:01:08]} 41. fxg6 {[%emt 0:07:18]} fxg6 {[%emt 0:00:07]} 42. b5 {[%emt 0:03:51]} Ra8+ {[%emt 0:04:15]} 43. Kb1 {[%emt 0:00:01]} Ra5 {[%emt 0:02:38]} 44. bxc6+ {[%emt 0:05:04]} Bxc6 {[%emt 0:00:05]} 45. Qd3 {[%emt 0:04:25]} Qf4 {[%emt 0:02:36]} 46. Nc3 {[%emt 0:01:08]} Bd7 {[%emt 0:04:15]} 47. Re1 {[%emt 0:00:30]} Bf5 {[%emt 0:00:36]} 48. Re7+ {[%emt 0:00:29]} Kb8 {[%emt 0:03:36]} 49. Ne4 {[%emt 0:00:21]} Qxg5 {[%emt 0:00:58]} 50. Re8+ {[%emt 0:00:13]} Ka7 {[%emt 0:00:18]} 51. Qc4 {[%emt 0:00:57]} Qg1+ {[%emt 0:00:50]} 52. Kc2 {[%emt 0:00:01]} Qg2+ {[%emt 0:00:26]} 53. Kd3 {[%emt 0:00:59]} Qf3+ {[%emt 0:01:02]} 54. Kd2 {[%emt 0:00:00]} Bxe4 {[%emt 0:00:10]} 55. Re7+ {[%emt 0:00:59]} Bb7 {[%emt 0:00:12]} 56. b4 {[%emt 0:00:23]} Ra1 {[%emt 0:00:36]} 0-1

[Event "Silver Lake Open-A 2018"]
[Site "Veliko Gradiste"]
[Date "2018.06.24"]
[Round "9"]
[White "Marjanovic, Annamaria"]
[Black "Pikula, Dejan"]
[Result "0-1"]
[WhiteElo "2343"]
[BlackElo "2471"]
[Annotator "TA"]
[PlyCount "114"]
[EventDate "2018.06.17"]
[EventType "swiss"]
[EventCountry "SRB"]
[SourceTitle "playchess.com"]
[Source "ChessBase"]
[SourceQuality "1"]

{[%evp 19,114,37,45,50,45,0,39,52,48,20,28,15,76,71,93,79,90,64,122,99,95,37,121,121,134,125,120,87,89,-117,-116,-113,-114,-81,-95,-102,-76,-161,-160,-141,-156,-190,-185,-144,-122,-138,-131,-154,-129,-286,-269,-377,-275,-294,-294,-289,-285,-422,-422,-422,-422,-422,-422,-422,-422,-507,-500,-369,-358,-314,-318,-691,-745,-5506,-5031,-5027,-5031,-29950,-706,-5965,-5122,-29979,-29980,-29980,-29981,-29981,-29981,-29981,-29982,-29981,-29982,-29981,-29982,-29986,-29987,-29987,-29988]} 1. d4 Nf6 2. c4 c5 3. d5 g6 4. Nc3 Bg7 5. e4 d6 6. Be2 O-O 7. Bg5 h6 8. Bf4 a6 9. a4 Re8 {E74: King's Indian: Averbakh Variation: 6...c5} (9... e6 10. Nf3 exd5 11. cxd5 Bg4 12. O-O Nh5 13. Be3 Nf6 14. Nd2 Bxe2 15. Qxe2 Nbd7 16. Bf4 Ne8 17. Nc4 Nb6 18. Ne3 Nd7 19. Ra3 Ne5 20. Rb3 {1-0 (49) Mamedyarov,S (2736)-Bacrot,E (2697) Skopje 2015 CBM 169 [Szabo,Kr]}) 10. Qd2 Kh7 {LiveBook: 4 Games} 11. Nf3 e5 {White is slightly better.} 12. dxe6 Rxe6 13. e5 Ne8 $146 ({Predecessor:} 13... Nh5 14. Be3 Bxe5 15. Nxe5 Rxe5 16. O-O-O {Palsson,J-Prada Rubin,E corr 1981}) 14. exd6 Nc6 $1 15. O-O Nd4 (15... Nxd6 $11 {keeps the balance.} 16. Bd3 Bd7) 16. Nxd4 $16 cxd4 17. Nd5 $36 {[%mdl 2048] White has strong initiative.} Nxd6 18. Bd3 b6 (18... a5 $14) 19. a5 b5 20. Nb6 (20. cxb5 $16 {aiming for Bxd6.} Nxb5 21. Nb6) 20... Ra7 (20... bxc4 $14 21. Nxa8 cxd3) 21. Bxd6 Rxd6 {[%cal Be6d6,Bd6d5,Bd5d4][%mdl 32]} 22. cxb5 axb5 23. Bxb5 d3 24. Ra3 $2 (24. Nxc8 $16 {is forced if you want to stay better.} Qxc8 25. Bxd3) 24... Bf5 $17 25. Nc4 {[#]} Rd5 $1 {[%cal Rd5b5]} 26. Ba4 Rd4 27. Ne3 Rxa5 28. Nxf5 (28. Bb3 $17 {was the only defense.} Rxa3 29. bxa3) 28... Rxf5 $19 29. Bd1 h5 30. Ra4 {[#]} Rxa4 $1 31. Bxa4 Qd4 32. Bd1 Rb5 33. b3 Re5 34. Bf3 $2 (34. Bc2 $17 {was worth a try.}) 34... Bf8 35. Qc1 (35. g3 {is a better defense.}) 35... Bc5 36. Qa1 d2 {( -> ...Qxf2+!)} 37. Qxd4 Bxd4 {[%mdl 4096] Endgame KRB-KRB} 38. g3 (38. g4 $142) 38... Bc3 39. Kg2 Re1 40. Bd1 Bb4 41. f4 f5 42. h3 Kg7 43. Rh1 Kf6 44. Bf3 Ke7 45. g4 $2 (45. Kh2) 45... h4 46. gxf5 gxf5 47. Rf1 Kd6 48. Kf2 Bc5+ 49. Kg2 Kc7 50. Bd1 Kb6 {Black mates.} 51. b4 Bxb4 52. Bb3 Bc5 53. Ba4 Ka5 54. Bc2 Kb4 55. Bd1 Bd4 56. Bh5 Kc3 57. Rf3+ Be3 {Precision: White = 42%, Black = 79%.} 0-1

[Event "Silver Lake Open-A 2018"]
[Site "Veliko Gradiste"]
[Date "2018.06.24"]
[Round "9"]
[White "Pantelic, Sasa"]
[Black "Parnali, S Dharia"]
[Result "0-1"]
[WhiteElo "2338"]
[BlackElo "2148"]
[Annotator "NA"]
[PlyCount "99"]
[EventDate "2018.06.17"]
[EventType "swiss"]
[EventCountry "SRB"]
[SourceTitle "playchess.com"]
[Source "ChessBase"]
[SourceQuality "1"]
[TimeControl "40/5400+30:900+30"]

1. d4 {[%emt 0:00:00]} d5 {[%emt 0:00:12]} 2. c4 {[%emt 0:00:00]} e6 {[%emt 0:00:12]} 3. Nc3 {[%emt 0:00:00]} Nf6 {[%emt 0:00:20]} 4. cxd5 {[%emt 0:00:09]} exd5 {[%emt 0:00:07]} 5. Bg5 {[%emt 0:00:08]} Be7 {[%emt 0:00:36]} 6. e3 {[%emt 0:00:10]} c6 {[%emt 0:00:39]} 7. Bd3 {[%emt 0:00:24]} Nbd7 {[%emt 0:00:55]} 8. Qc2 {[%emt 0:01:11]} Nh5 {[%emt 0:01:01]} 9. Bxe7 {[%emt 0:01:18] D36: Queen's Gambit Declined: Exchange Variation: Main line (5 Bg5 c6 6 Qc2)} Qxe7 {[%emt 0:00:03]} 10. O-O-O {[%emt 0:00:42]} Nhf6 {[%emt 0:00:25]} (10... Nb6 11. h3 Be6 12. Nge2 O-O-O 13. Kb1 Kb8 14. a4 Qb4 15. Nc1 Nc4 16. Ka1 Nf6 17. N3a2 Qe7 18. e4 g6 {½-½ (52) Wojtaszek,R (2745)-Onischuk,A (2682) Tbilisi 2017}) 11. Nge2 {[%emt 0:01:29]} Nb6 {[%emt 0:00:08]} 12. h3 {[%emt 0:00:41]} Be6 {[%emt 0:03:32]} 13. Nf4 $146 {[%emt 0:02:24]} ({Predecessor:} 13. g4 O-O-O 14. Ng3 g6 15. Kb1 Kb8 16. Ka1 Ne8 17. f3 Ka8 18. h4 Nd6 19. h5 Qf6 20. Qg2 Rhe8 21. Rhe1 Bc8 22. hxg6 hxg6 {0-1 (64) Olay,E (2348)-Kim,A (2481) Subic Bay 2009}) 13... O-O-O {[%emt 0:00:21]} 14. Nxe6 {[%emt 0:02:34]} fxe6 {[%emt 0:00:09]} 15. f4 {[%emt 0:00:04]} Kb8 {[%emt 0:00:28]} 16. g4 {[%emt 0:01:40]} h6 {[%emt 0:00:19]} 17. Na4 {[%emt 0:01:24]} Nxa4 {[%emt 0:02:26]} 18. Qxa4 {[%emt 0:04:59]} c5 {[%emt 0:03:37]} 19. Qa3 {[%emt 0:00:24]} Rc8 {[%emt 0:00:05]} 20. Kb1 {[%emt 0:00:18]} Rc7 {[%emt 0:03:56]} 21. Rc1 {[%emt 0:04:54]} Rhc8 {[%emt 0:04:50]} 22. Rc2 {[%emt 0:09:36]} Ng8 {[%emt 0:02:57]} 23. dxc5 {[%emt 0:04:36]} Rxc5 {[%emt 0:01:01]} 24. Rxc5 {[%emt 0:00:25]} Rxc5 {[%emt 0:00:43]} 25. Qa4 {[%emt 0:04:13]} Nf6 {[%emt 0:03:07]} 26. Rf1 $11 {[%emt 0:15:48]} Ne4 {[%emt 0:14:02]} 27. Bxe4 {[%emt 0:00:23]} Rc4 {[%emt 0:00:08]} 28. Qb3 {[%emt 0:05:53]} Rxe4 {[%emt 0:00:30]} 29. Rc1 {[%emt 0:00:54]} a6 {[%emt 0:04:37]} 30. a3 {[%emt 0:00:48]} Ka7 {[%emt 0:01:30]} 31. Rc8 {[%emt 0:01:59]} Qd6 {[%emt 0:06:39]} 32. Rg8 {[%emt 0:04:58]} Qc7 {[%emt 0:01:36]} 33. h4 {[%emt 0:00:31]} g5 {[%emt 0:02:52]} 34. hxg5 {[%emt 0:01:52]} Qh7 {[%emt 0:00:23]} 35. Rc8 {[%emt 0:20:21]} Rc4+ {[%emt 0:00:07]} 36. g6 {[%emt 0:00:04]} Qxg6+ {[%emt 0:00:10]} 37. f5 {[%emt 0:00:08]} exf5 {[%emt 0:02:47]} 38. Rxc4 {[%emt 0:00:23]} dxc4 {[%emt 0:00:07]} 39. Qxc4 {[%emt 0:00:38]} fxg4+ {[%emt 0:00:06]} 40. Ka2 {[%emt 0:00:00]} g3 {[%emt 0:03:02]} 41. Qd4+ {[%emt 0:08:16]} Qb6 {[%emt 0:00:06]} 42. Qf4 {[%emt 0:01:43]} Qe6+ {[%emt 0:00:25]} 43. Ka1 {[%emt 0:02:41]} Qg8 {[%emt 0:00:07]} 44. e4 {[%emt 0:01:53]} g2 {[%emt 0:00:32]} 45. Qf2+ {[%emt 0:00:02]} Ka8 {[%emt 0:00:30]} 46. Qg1 {[%emt 0:00:02]} h5 {[%emt 0:00:39]} 47. e5 {[%emt 0:00:11]} h4 {[%emt 0:00:07]} 48. e6 {[%emt 0:00:06]} h3 {[%emt 0:00:14]} 49. e7 {[%emt 0:00:07]} Qe8 {[%emt 0:03:58]} 50. Kb1 0-1

[Event "Silver Lake Open-A 2018"]
[Site "Veliko Gradiste"]
[Date "2018.06.24"]
[Round "9"]
[White "Eric, Jovana"]
[Black "Radovanovic, Mihajlo"]
[Result "1-0"]
[WhiteElo "2324"]
[BlackElo "2419"]
[Annotator "TA"]
[PlyCount "89"]
[EventDate "2018.06.17"]
[EventType "swiss"]
[EventCountry "SRB"]
[SourceTitle "playchess.com"]
[Source "ChessBase"]
[SourceQuality "1"]

{[%evp 21,89,54,68,64,77,46,73,38,29,24,39,0,-18,-14,17,57,109,99,131,25,58,60,19,0,0,0,0,0,5,0,0,-60,-47,-64,45,25,11,-134,-98,-107,0,0,174,184,391,-21,-24,-196,214,204,375,366,366,369,383,356,360,362,325,324,314,286,504,495,481,427,29995,29996,29996,29997]} 1. e4 c5 2. Nc3 Nc6 3. Nge2 d6 4. d4 cxd4 5. Nxd4 Nf6 6. Bg5 e6 7. Qd2 a6 8. f3 h6 9. Be3 Be7 10. O-O-O Qc7 {B66: Sizilianisch (Richter/Rauser-Angriff)} (10... Nxd4 11. Qxd4 b5 12. e5 dxe5 13. Qxe5 Qa5 14. Bc5 Bxc5 15. Qxc5 Bd7 16. Qd6 Qd8 17. Ne4 Nxe4 18. fxe4 Rc8 19. Qxa6 Qc7 20. Rd2 {½-½ (40) Almasi,Z (2700)-Vovk,A (2611) Germany 2015}) 11. g4 b5 {LiveBook: 5 Partien} 12. Nxc6 Qxc6 {Weiß steht etwas besser.} 13. Kb1 Nd7 $146 ({Vorgänger:} 13... Bb7 14. Bg2 d5 15. exd5 Nxd5 16. Nxd5 Qxd5 17. Qe2 Qc4 18. Qf2 {1-0 (42) Perez Gormaz,M (2317)-Garcia Cardenas,P (2434) Iquique 2013}) 14. Ne2 Bb7 15. Nd4 Qc7 16. g5 (16. h4 $14) 16... hxg5 $11 17. Bxg5 Nf6 18. h4 d5 (18... g6 $14) 19. e5 $1 $16 {[%cal Re5f6]} Qxe5 20. Bh3 (20. Bf4 $16 Qh5 21. Qa5) 20... Qd6 $1 $11 21. Rhe1 {[%cal Rh3e6][%mdl 1024] Weiss hat Kompensation.} Bc8 $1 22. Bf4 Qb6 23. Be3 {Sxe6 ist eine echte Drohung.} Qb7 ({Jedoch nicht} 23... Rxh4 $2 24. Nxe6 (24. Nf5 d4 $18) 24... d4 25. Bxd4 $18) 24. Bg5 b4 25. Qg2 Kf8 26. Rg1 (26. f4 $1 $11) 26... Rh7 $1 $15 27. f4 {[%cal Bf3f4,Bf4f5][%mdl 32]} Bd7 (27... Ne4 $15 28. Bxe7+ Qxe7) 28. Rde1 (28. f5 $5 {[%cal Rf5e6]} e5 29. Ne6+ $1 {[%mdl 512]} fxe6 30. fxe6 $11) 28... Qb6 29. Rd1 (29. Nf3 $1 $11) 29... Re8 $1 $17 30. Nf3 a5 ({Günstiger ist} 30... Ne4 $17 {Und weiter mit ...Lc5 wäre nett.} 31. Bxe7+ Rxe7) 31. Ne5 $11 Bb5 $2 (31... Ba4 $11 32. f5 Qc7 33. Nxf7 e5) 32. f5 $1 $18 {[%cal Rf5e6]} Qc7 $2 (32... exf5 33. Bxf5 Bc5) 33. Rde1 $2 (33. Qg3 $1 $18 Rc8 34. fxe6 Qxc2+ 35. Ka1) 33... Ne4 $11 34. Nd3 $2 {[#]} (34. Bxe7+ $11 Rxe7 35. Nf3) 34... Bd6 $4 {[%mdl 8192]} (34... Bxg5 $1 $19 {und alles wird gut.} 35. hxg5 exf5) 35. fxe6 $18 fxe6 $2 (35... Nxg5 {war nötig.} 36. hxg5 g6 37. exf7 Re7) 36. Rxe4 $1 dxe4 37. Qxe4 Kg8 38. Bxe6+ Kh8 {[#]} 39. Qg6 $1 {Schwarz muss nun Lf5 beachten.} Rf8 40. Bf5 Rxf5 41. Qxf5 Bc4 $2 (41... Qd7 42. Rf1 Qxf5 43. Rxf5 Bxd3 44. cxd3 Kg8 45. Rxa5 Bg3) 42. Re1 {Weiss droht Te8+ und Matt.} Bf7 43. Nf4 Bxf4 {[#]} (43... Kg8 $18 44. Rd1 Rh8) 44. Re8+ $1 {[%mdl 512]} Bg8 (44... Bxe8 45. Qf8#) 45. Qe6 {Precision: Weiß = 46%, Schwarz = 33%.} 1-0

[Event "Silver Lake Open-A 2018"]
[Site "Veliko Gradiste"]
[Date "2018.06.24"]
[Round "9"]
[White "Krstulovic, Alex"]
[Black "Karavade, Eesha"]
[Result "1/2-1/2"]
[WhiteElo "2305"]
[BlackElo "2399"]
[Annotator "NA"]
[PlyCount "43"]
[EventDate "2018.06.17"]
[EventType "swiss"]
[EventCountry "SRB"]
[SourceTitle "playchess.com"]
[Source "ChessBase"]
[SourceQuality "1"]
[TimeControl "40/5400+30:900+30"]

1. d4 Nf6 2. c4 e6 3. Nf3 d5 4. Nc3 Bb4 5. Bg5 h6 6. Bxf6 Qxf6 7. Qb3 c5 8. cxd5 exd5 9. a3 Bxc3+ 10. Qxc3 Nd7 11. e3 O-O 12. Be2 b6 13. O-O {D38: Queen's Gambit Declined: Ragozin Defence (4 Nf3 Bb4)} Bb7 {LiveBook: 29 Games} 14. Rac1 (14. a4 a5 15. b3 Rfc8 16. Rac1 Rc7 17. Rc2 Rac8 18. Rfc1 Qd6 19. h3 Nf8 20. Qb2 Ne6 {½-½ (43) Dominguez Perez,L (2720)-Wojtaszek,R (2736) Baku 2016}) 14... Rac8 15. dxc5 $146 ({Predecessor:} 15. b4 Qd6 16. bxc5 bxc5 17. dxc5 Rxc5 18. Qb4 Rfc8 19. Rxc5 Nxc5 20. Nd4 g6 {1-0 (36) Petrosyan,T (2441)-Vehi Bach,V (2330) Badalona 2015}) 15... Qxc3 16. Rxc3 Rxc5 17. Rxc5 Nxc5 18. Nd4 Ne6 19. Nf5 Rd8 20. Bf3 Kf8 21. Rc1 $11 Rd7 22. h4 1/2-1/2